Statistiques concernant Les Micro-Etats européens

Cliquez ici pour prendre le quiz!

Statistiques générales

  • Ce quiz a été pris 42 fois
  • Le résultat moyen est 5 sur 6

Statistiques - réponses

Réponse% Correct
2Monaco
100%
1Vatican
100%
3Saint-Marin
92%
5Andorre
90%
4Liechtenstein
87%
6Malte
74%

Distribution des résultats

Percentile par nombre de réponses

% des personnes avec chaque résultat

Votre développement - résultats

Vous n’avez pas pris ce quiz